| 000 | 00580 a2200157 4500 | ||
|---|---|---|---|
| 001 | 156663 | ||
| 020 | _a8516041786 | ||
| 040 | _cEscola São Tomás de Aquino | ||
| 100 | _aCHIAVENATO, Júlio José | ||
| 240 | 1 | 0 |
_aÉtica globalizada & Sociedade de consumo _lpor |
| 245 | 1 | 0 | _aÉtica globalizada & Sociedade de consumo |
| 300 | _a96 | ||
| 362 | 0 | _a2004 | |
| 697 | _aInstituições econômicas (Sistema de propriedade, produção, trocas, livre iniciativa, cooperação, sindicalismo, sistemas agrícolas, de trabalho, aposentadoria) | ||
| 942 | _cBK | ||
| 999 |
_c156663 _d156663 |
||